000 00287pam a2200133 a 4500
020 _c
041 _h
082 _a778.5343
_bHIC
100 _aR. Hicks/F. Schultz.
245 _aPorliitng Nudes
_hTextual Documents
250 _a1996.
260 _aPune:
_bRotoivision.
930 _a160
999 _c233950
_d233950